Plastics materials (Record no. 11139)
[ view plain ]
| 000 -LEADER | |
|---|---|
| fixed length control field | 00500 a2200193 4500 |
| 020 ## - INTERNATIONAL STANDARD BOOK NUMBER | |
| International Standard Book Number | 0750641320 (hbk.) |
| 020 ## - INTERNATIONAL STANDARD BOOK NUMBER | |
| International Standard Book Number | 9780750641326 |
| 040 ## - CATALOGING SOURCE | |
| Original cataloging agency | DLC |
| 082 ## - DEWEY DECIMAL CLASSIFICATION NUMBER | |
| Classification number | 668.4 |
| 100 ## - MAIN ENTRY--PERSONAL NAME | |
| Personal name | Brydson, J.A. |
| 245 10 - TITLE STATEMENT | |
| Title | Plastics materials |
| Statement of responsibility, etc. | J.A. Brydson. |
| 246 3# - VARYING FORM OF TITLE | |
| Title proper/short title | Plastics Materials |
| Medium | [electronic resource] |
| 250 ## - EDITION STATEMENT | |
| Edition statement | 7th ed. |
| 260 ## - PUBLICATION, DISTRIBUTION, ETC. | |
| Place of publication, distribution, etc. | Oxford : |
| Name of publisher, distributor, etc. | Butterworth Heinemann, |
| Date of publication, distribution, etc. | 1999. |
| 300 ## - PHYSICAL DESCRIPTION | |
| Extent | 920 p. : |
| Other physical details | ill. |
| 650 #0 - SUBJECT ADDED ENTRY--TOPICAL TERM | |
| Topical term or geographic name entry element | Plastics. |
| 700 ## - ADDED ENTRY--PERSONAL NAME | |
| Relator code | J.A. Brydson |
| 942 ## - ADDED ENTRY ELEMENTS (KOHA) | |
| Koha item type | Book |
| Call number prefix | 668.4 BRY |
| Source of classification or shelving scheme | |
| Withdrawn status | Lost status | Damaged status | Not for loan | Collection code | Permanent Location | Current Location | Shelving location | Date acquired | Source of acquisition | Cost, normal purchase price | Total Checkouts | Full call number | Barcode | Date last seen | Price effective from | Koha item type |
|---|---|---|---|---|---|---|---|---|---|---|---|---|---|---|---|---|
| Central Library (CL) | Central Library (CL) | General Stacks | 09/07/2012 | Eagle Information Marketing | 5563.12 | 668.4 BRY | SEECS011536 | 11/14/2012 | 01/05/2017 | Book | ||||||
| Central Library (CL) | Central Library (CL) | General Stacks | 09/07/2012 | Eagle Information Marketing | 5563.12 | 668.4 BRY | SEECS011537 | 11/14/2012 | 01/05/2017 | Book | ||||||
| Central Library (CL) | Central Library (CL) | General Stacks | 09/07/2012 | Eagle Information Marketing | 5563.12 | 668.4 BRY | SEECS011538 | 11/14/2012 | 01/05/2017 | Book | ||||||
| Central Library (CL) | Central Library (CL) | General Stacks | 09/07/2012 | Eagle Information Marketing | 5563.12 | 668.4 BRY | SEECS011539 | 11/14/2012 | 01/05/2017 | Book | ||||||
| Central Library (CL) | Central Library (CL) | General Stacks | 09/07/2012 | Eagle Information Marketing | 5563.12 | 668.4 BRY | SEECS011540 | 11/14/2012 | 01/05/2017 | Book | ||||||
| Central Library (CL) | Central Library (CL) | General Stacks | 09/07/2012 | Eagle Information Marketing | 5563.12 | 668.4 BRY | SEECS011541 | 11/14/2012 | 01/05/2017 | Book | ||||||
| Central Library (CL) | Central Library (CL) | General Stacks | 09/07/2012 | Eagle Information Marketing | 5563.12 | 668.4 BRY | SEECS011542 | 11/14/2012 | 01/05/2017 | Book | ||||||
| Central Library (CL) | Central Library (CL) | General Stacks | 09/07/2012 | Eagle Information Marketing | 5563.12 | 668.4 BRY | SEECS011543 | 11/14/2012 | 01/05/2017 | Book | ||||||
| Central Library (CL) | Central Library (CL) | General Stacks | 09/07/2012 | Eagle Information Marketing | 5563.12 | 668.4 BRY | SEECS011544 | 11/14/2012 | 01/05/2017 | Book | ||||||
| Central Library (CL) | Central Library (CL) | General Stacks | 09/07/2012 | Eagle Information Marketing | 5563.12 | 668.4 BRY | SEECS011545 | 11/14/2012 | 01/05/2017 | Book |
